[Event "Quixada Sertao 6th op"]
[Site "Quixada"]
[Date "2008.07.19"]
[Round "4.7"]
[White "Cavalcanti, Francisco de Assis"]
[Black "Paixao, Irineu Vieira Da"]
[Result "1-0"]
[WhiteElo "2252"]
[BlackElo "1925"]
[PlyCount "57"]
[EventDate "2008.07.17"]
[EventType "swiss"]
[EventRounds "7"]
[EventCountry "BRA"]
[SourceTitle "EXT 2022"]
[Source "ChessBase"]
[SourceDate "2021.10.06"]
[SourceVersion "1"]
[SourceVersionDate "2021.10.06"]
[SourceQuality "1"]

1. e4 c5 2. Nf3 Nc6 3. d4 cxd4 4. Nxd4 Nf6 5. Nc3 e5 6. Ndb5 d6 7. Bg5 a6 8. Na3 Be7 9. Nc4 b5 10. Bxf6 gxf6 11. Ne3 Nd4 12. Bd3 Bb7 13. Ncd5 Bxd5 14. Nxd5 Ne6 15. 0-0 h5 16. h4 Nc5 17. Qf3 Rc8 18. Qf5 Ne6 19. c3 Ng7 20. Qh3 Ne6 21. a4 Rc5 22. axb5 axb5 23. Ra7 Rxd5 24. exd5 Nf4 25. Qf5 Nxd3 26. Qxd3 Kf8 27. Rfa1 Kg7 28. Qf5 Bf8 29. Qe6 1-0

[Event "Quixada Sertao 6th op"]
[Site "Quixada"]
[Date "2008.07.19"]
[Round "5.21"]
[White "Paixao, Irineu Vieira Da"]
[Black "Barros, Rebeca Lopes de Sou"]
[Result "1-0"]
[WhiteElo "1925"]
[BlackElo "1800"]
[PlyCount "58"]
[EventDate "2008.07.17"]
[EventType "swiss"]
[EventRounds "7"]
[EventCountry "BRA"]
[SourceTitle "EXT 2022"]
[Source "ChessBase"]
[SourceDate "2021.10.06"]
[SourceVersion "1"]
[SourceVersionDate "2021.10.06"]
[SourceQuality "1"]

1. d4 d6 2. Nf3 Nf6 3. h3 g6 4. e3 Bg7 5. Bd3 0-0 6. b3 c5 7. Bb2 Nd5 8. 0-0 Nc6 9. Bc4 Nc7 10. a3 b5 11. Be2 a6 12. Nc3 Bb7 13. Rb1 b4 14. Na4 bxa3 15. Bxa3 cxd4 16. exd4 Nb5 17. Bb2 Rc8 18. c4 Nba7 19. d5 Ne5 20. Nxe5 Bxe5 21. Bxe5 dxe5 22. Qd2 Rc7 23. Qe3 Nc8 24. Qxe5 Nd6 25. Rfd1 Bc8 26. c5 Nb5 27. d6 exd6 28. cxd6 Rd7 29. Bxb5 axb5 1-0

[Event "BNB-ch 15th"]
[Site "Brazil"]
[Date "2000.07.05"]
[Round "5"]
[White "Martins, Romildo Magalhaes"]
[Black "Paixao, Irineu Vieira Da"]
[Result "1-0"]
[WhiteElo "1962"]
[BlackElo "1850"]
[PlyCount "49"]
[EventDate "2000.??.??"]
[EventType "swiss"]
[EventRounds "7"]
[EventCountry "BRA"]
[SourceTitle "EXT 2003"]
[Source "ChessBase"]
[SourceDate "2002.11.25"]
[SourceVersion "1"]
[SourceVersionDate "2002.11.25"]
[SourceQuality "1"]

1. e4 g6 2. d4 Bg7 3. Nf3 d6 4. Bc4 Nf6 5. Nc3 0-0 6. Qe2 a6 7. e5 Ne8 8. e6 fxe6 9. Bxe6+ Bxe6 10. Qxe6+ Kh8 11. Ng5 Bxd4 12. Nf7+ Rxf7 13. Qxf7 Nf6 14. Ne2 Bb6 15. Bh6 Qg8 16. Qxe7 Nbd7 17. Bg5 Rf8 18. 0-0 Qd5 19. Bxf6+ Rxf6 20. Qxd7 Qe5 21. Rae1 Rf8 22. Nc3 Rxf2 23. Kh1 Rxf1+ 24. Rxf1 Qg7 25. Qe8+ 1-0

[Event "BNB-ch 15th"]
[Site "Brazil"]
[Date "2000.06.27"]
[Round "1"]
[White "Paixao, Irineu Vieira Da"]
[Black "Montenegro, Quintino"]
[Result "0-1"]
[WhiteElo "1850"]
[BlackElo "1967"]
[PlyCount "44"]
[EventDate "2000.??.??"]
[EventType "swiss"]
[EventRounds "7"]
[EventCountry "BRA"]
[SourceTitle "EXT 2003"]
[Source "ChessBase"]
[SourceDate "2002.11.25"]
[SourceVersion "1"]
[SourceVersionDate "2002.11.25"]
[SourceQuality "1"]

1. g3 d5 2. Bg2 Nf6 3. Nf3 Bf5 4. c4 e6 5. 0-0 c6 6. cxd5 exd5 7. d3 Bd6 8. Nc3 0-0 9. Bg5 Re8 10. Re1 Bg4 11. h3 Bxf3 12. Bxf3 h6 13. Bd2 Nbd7 14. e4 dxe4 15. dxe4 Nc5 16. Qc2 Qc7 17. Re2 Rad8 18. Rae1 Be5 19. Be3 Ne6 20. Rd2 Bxg3 21. fxg3 Qxg3+ 22. Bg2 Qxe1+ 0-1